ARRUPE JESUIT UNIVERSITY

CORONAVIRUS -STOP THE SPREAD - CLEAN,DISINFECT,COVER
Normal view MARC view

Entry Geographic Name

Number of records used in: 3

001 - CONTROL NUMBER

  • control field: 17847

003 - CONTROL NUMBER IDENTIFIER

  • control field: ARRUPE

005 - DATE AND TIME OF LATEST TRANSACTION

  • control field: 20150518143922.0

008 - FIXED-LENGTH DATA ELEMENTS

  • fixed length control field: 150518|| aca||aabn | a|a d

040 ## - CATALOGING SOURCE

  • Original cataloging agency: ARRUPE
  • Transcribing agency: ARRUPE

151 ## - HEADING--GEOGRAPHIC NAME

  • Geographic name: Great Britain
  • General subdivision: Economic conditions.

670 ## - SOURCE DATA FOUND

  • Source citation: Work cat.: (ARRUPE)0: Hobsbawm, E. J. (Eric J.), 1917-2012. 17842, Industry and empire :, 1999.

 

Arrupe Library. PO Box MP320 Mt Pleasant, Harare, Zimbabwe
263 242 745411|librarian@aju.ac.zw